000 01561cam a22003251 4500
001 e 40000521
003 DLC
005 20260227111229.0
008 840412s1940 ncuagk b s000 0 eng c
010 _ae 40000521
035 _a(OCoLC)10623572
040 _aU.S. Off. of educ.. Library
_cDNIE
_dDLC
042 _apremarc
043 _an-us-nc
050 0 0 _aL184
_b.B2 no. 219
082 _a371.7
110 1 _aNorth Carolina.
_bDepartment of Public Instruction.
245 1 0 _aPhysical and health education for elementary and secondary schools. 1940.
_cPrepared by Charles E. Spencer, adviser of health and physical education, Division of instructional service, Olive Duncan Brown, assistant adviser of physical education, Division of school health coordinating service, and various committees of teachers and administrators of the public schools and colleges of North Carolina. Issued by the state superintendent of public instruction.
260 _aRaleigh, N.C.
_c[1940]
300 _ax, 349 p.
_bincl. illus. (incl. music) diagrs., forms.
_c23 cm.
490 1 _aIts Publication
_vno. 219
504 _aBibliography: p. [303]-313. "A selected list of free and inexpensive pamphlets and booklets": p. 326-331.
650 0 _aSchool hygiene.
650 0 _aHygiene.
650 0 _aEducation
_xCurricula
_zNorth Carolina.
650 0 _aPhysical education and training
_zNorth Carolina.
700 1 _aSpencer, Charles E.
700 1 _aBrown, Olive Duncan.
810 1 _aNorth Carolina.
_bDepartment of Public Instruction.
_tPublication
_vno. 219.
999 _c21736
_d21736